000 01006nam a22002057a 4500
999 _c15853
_d15853
003 AR-CdUCM
008 190430b ||||| |||| 00| 0 spa d
040 _aMUNICIPALIDAD PROVINCIAL DEL CUSCO
_cBIBLIOTECA MUNICIPAL DEL CUSCO
082 _a985.61 /
_bA58
100 _aAngles Vargas, Víctor
_94559
245 _aHistoria del Cusco incaico /
260 _aCusco :
_bVíctor Angles Vargas,
300 _a605 paginas ;
_bIlustraciones, fotografías,
_c21 cm.
505 _aContenido : t.1: La ciudad y el departamento del Cusco -- El nombre del Cusco -- Poblacion de la ciudad del Cusco -- T.2: Ollantaytambo -- Templo de Wiracocha -- Plano del templo de Wiracocha -- Plano de Pikillajta... -- t.3: El parque arqueológico de Machupijchu --Descubrimiento científico de la cuidad Prehispánica de Machupijchu -- Lo que fue y lo que es Machupijchu ...
650 _aCusco
_9772
650 _aHistoria
_9136
650 _aÉpoca prehispánica
_92714
942 _2ddc
_cLIBROS
945 _arjall
_d2019-04-30